00533nam a2200193Ia 450000100060000000800410000602000180004704000130006508200190007810000250009724501000012225000090022226000320023130000110026354600070027465000150028170000220029670000210031871093160226s9999 xx 000 0 und d a9781292018225 cPK-LaUMT a 657.42bHOR-C aHorngren, Charles T. aCost accountingba managerial emphasiscHorngren, Charles T.|Datar, Srikant M.|Rajan, Madhav V. a15th aBoston,USA:bPearson,c2015 a960 p. aEN aAccounting aDatar, Srikant M. aRajan, Madhav V.